ZKM Gdynia - 102 - Statystyki

Ogólne statystyki
  • Ten quiz został rozwiązany 24 razy
  • Średni wynik to 17 z 28
Statystyki odpowiedzi
Przystanek Ulica % Poprawnych
Chylonia Dworzec PKP Kartuska
90%
Chylonia Dworzec PKP pl. Dworcowy
90%
Gdynia Dworzec Gł. PKP - Morska Morska
80%
Plac Kaszubski - Jana z Kolna Jana z Kolna
80%
Chylonia Centrum Kartuska
70%
Gdynia Dworzec Gł. PKP - Dworcowa Dworcowa
70%
Gdynia Dworzec Gł. PKP - Hala Jana z Kolna
70%
Grabowo Kapitańska
70%
Kapitańska Kapitańska
70%
Kołłątaja Kołłątaja
70%
Leszczynki II Leszczynki
70%
Stoigniewa Stoigniewa
70%
Mireckiego Komandorska
60%
Swarzewska I Swarzewska
60%
Swarzewska II Swarzewska
60%
Technikum Chłodnicze Dembińskiego
60%
Uniwersytet Morski Komandorska
60%
Urząd Pracy Kołłątaja
60%
Komandorska - Hotel Dembińskiego
50%
Plac Neptuna Kapitańska
50%
Raduńska Kartuska
50%
Węzeł Żołnierzy Wyklętych Władysławskiego
50%
Dembińskiego Dembińskiego
40%
Kordeckiego Kordeckiego
40%
Rozewska Swarzewska
40%
Sambora - Kalksztajnów Sambora
40%
Ściegiennego Działdowska
30%
Zamenhofa Morska
30%
Nie znaleziono quizów pasujących do podanych kryteriów
Rozkład punktacji
Procent ludzi z każdym wynikiem
Percentyl według liczby udzielonych odpowiedzi
Twoja historia wyników
Nie rozwiązałeś tego quizu